Normal view
MARC view
- Fett, Ann-katrin
Entry Personal Name
001 - CONTROL NUMBER
- control field: 61751
003 - CONTROL NUMBER IDENTIFIER
- control field: OSt
005 - DATE AND TIME OF LATEST TRANSACTION
- control field: 20240927161155.0
008 - FIXED-LENGTH DATA ELEMENTS
- fixed length control field: 240927|| aca||aabn | a|a d
040 ## - CATALOGING SOURCE
- Original cataloging agency: OSt
100 ## - HEADING--PERSONAL NAME
- Personal name: Fett, Ann-katrin
- Relator term: author.
